000 00876nam0a22002411 4500
001 rc\3047420
005 20250530023720.0
035 _a(NLR Aleph) 007187107
090 _a7500800
_c7500800
100 _a20080228d1935 |||y0rusy50 ca
101 0 _arus
102 _aRU
105 _aa z ||||y
200 1 _aКак вести себя во время воздушной тревоги
_fС.С. Каменев и А.С. Миловидов
_gПод. ред. С.С. Каменева
210 _aМосква
_cГос. воен. изд.
_d1935
_gтип. им. К. Ворошилова
215 _aОбл., 40 с.
_cил.
_d20×14 см
700 1 _aКаменев
_bС.С.
_f1881-1936
_gСергей Сергеевич
701 1 _aМиловидов
_bА.С.
801 0 _aRU
_bNLR
_gpsbo
801 1 _aRU
_bELAR
_2rusmarc
852 _aNLR
_j35-10/1635
942 _cBOOK
980 _aNB